Insetos associados a inflorescências do manjericão (Ocimum basilicum L.) (Registro n. 298492)
[ somente texto ]
| 000 -LÍDER | |
|---|---|
| fixed length control field | 03751nab a2200313 i 4500 |
| 003 - CÓDIGO MARC DA AGÊNCIA CATALOGADORA | |
| Campo de controle | BR-BrBNA |
| 005 - DATA E HORA DA ÚLTIMA ATUALIZAÇÃO | |
| Campo de controle | 20240214141040.0 |
| 008 - CAMPO DE TAMANHO FIXO | |
| fixed length control field | 240214b2000 bl.fr|p|oa||| 00| 0 por | |
| 040 ## - FONTE DA CATALOGAÇÃO | |
| Agência catalogadora | BR-BrBNA |
| Idioma da catalogação | por |
| 072 ## - CATEGORIA AGRIS | |
| Código AGRIS | F63 |
| 072 ## - CATEGORIA AGRIS | |
| Código AGRIS | L20 |
| 100 ## - ENTRADA PRINCIPAL - NOME PESSOAL | |
| Nome pessoal | Malerbo-Souza, Darclet T. |
| 100 ## - ENTRADA PRINCIPAL - NOME PESSOAL | |
| Nome pessoal | Mota, Manoel O.S. |
| 100 ## - ENTRADA PRINCIPAL - NOME PESSOAL | |
| Nome pessoal | Nogueira-Couto, Regina H. |
| 100 ## - ENTRADA PRINCIPAL - NOME PESSOAL | |
| Nome pessoal | Souza, Júlio C. |
| 245 ## - TÍTULO PRINCIPAL | |
| Título principal | Insetos associados a inflorescências do manjericão (Ocimum basilicum L.) |
| 500 ## - NOTA GERAL | |
| Nota geral | Publicação on-line; 12 ref.; 1 table; Summaries (En, Pt) |
| 942 ## - ADDED ENTRY ELEMENTS (KOHA) | |
| Koha item type | |
| 520 ## - NOTA DE RESUMO | |
| Nota de conteúdo | <br/>RESUMO: <br/><br/>O objetivo do presente trabalho foi estudar a polinização em manjericão (Qc/mum<br/>L). a fim de verificar sua aíratrvidado para as abelhas Apis mellifera, os insetos mais<br/>frequentes, bem como seus comportamentos e efeitos na produção de sementes. A ítor durou,<br/>em média, 30 horas, desde sua abertura até o murchamento. O número de flores abertas por<br/>inílorescência foi. em média, 5.65 ± 1,42 llores. sendo que a inflorescência possuía, em média,<br/>160 * 11,73 botões florais. O manjericão foi visitado quase que exclusivamente pela abelha A<br/>meWra(africanizada) - Apidae (98,0%), seguida pela abelha Augochtorops/s efecíra-Halictidae<br/>(2.0%). havendo visitas esporádicas de dipteros c lepidópleros, sendo que Iodos coletaram apenas<br/>néctar A frequência da abelha africanizada aumentou no decorrer do dia até às 14 horas,<br/>diminuindo em seguida, acompanhando a curva da temperatura ambiente registrada nos dias de<br/>observação e acompanhando também o aumento na concentração de açúcares do néctar das<br/>flores do manjericão. As abelhas aíricanizadas demoraram de 1 a 3 segundos em cada flor. O<br/>manjericão pode ser considerado uma importante fonte de néctar para as abelhas Ap/s mellifera.<br/><br/>Palavras chave: Apis mellifera. manjericão, Ocimum basilicum, polinização, abelhas africanizadas |
| 520 ## - NOTA DE RESUMO | |
| Nota de conteúdo | <br/>ABSTRACT <br/><br/>Insects associated to the inflorescences of basil (Ocimum basilicum L ) The<br/>objective of the present work was to study the pollination in basil (Oc/mum basilicum), in order to<br/>verify its attractiveness for honey bees (Aptó mellifera), the most frequent insects, as well as rts<br/>behaviors and effects on the production of seeds. The basil flower lasted, on average, 30 hours,<br/>from the bud phase until the flower withered. The number of flowers opened by inflorescence<br/>was, on average, 5,65 ± 1.42 flowers, and the inflorescence presented a mean of 160 ± 11,73<br/>flowers-buds. The basil was visited mainly by afncanized honey bee (98,0%), followed by the<br/>native bee Augoch/orops/s efec/ra-Halictidae (2.0%) and sporadic visits of Diptera and Lepidoptera.<br/>All insects collected only nectar in the culture and delayed of 1 to 3 seconds in each flower. The<br/>frequency of the honey bee increased in elapsing of the day to 14:00. decreasing soon after<br/>accompanying the curve of the temperature sets registered in the days of the experiment and<br/>also the increase in nectar concentration of the flowers. The basil can be considered an important<br/>nectar source to africanized honey bees.<br/><br/>Keywords; Apis mellifera. basif. Ocimum basilicum, pollination, africanized honey bees |
| 650 ## - ASSUNTO - THESAGRO | |
| Cabeçalho tópico ou nome geográfico | APIS MELLIFERA |
| 650 ## - ASSUNTO - THESAGRO | |
| Cabeçalho tópico ou nome geográfico | MANJERICÃO |
| 650 ## - ASSUNTO - THESAGRO | |
| Cabeçalho tópico ou nome geográfico | OCIMUM BASILICUM |
| 650 ## - ASSUNTO - THESAGRO | |
| Cabeçalho tópico ou nome geográfico | POLINIZAÇÃO |
| 650 ## - ASSUNTO - THESAGRO | |
| Cabeçalho tópico ou nome geográfico | ABELHA AFRICANA |
| 773 0# - ENTRADA ANALÍTICA | |
| Host Biblionumber | 3543 |
| Registro do item | 13657 |
| Imprenta | Botucatu-SP Instituto de Biociências - Departamento de Química e Bioquímica 1998 |
| Outro identificador | 2023-29682 |
| Título | Revista Brasileira de Plantas Medicinais (Brazil) |
| ISSN | 1516-0572 |
| Colação | v. 2(2) p. 27-30; (2000) |
| Número de controle de registro | BR2024000013 |
| 856 ## - ACESSO E ENDEREÇO ELETRÔNICO | |
| Identificador uniforme de recurso - URI | https://www.sbpmed.org.br/admin/files/papers/file_3Ye2j1AcJDBI.pdf |
Nenhum exemplar disponível.

BINAGRI